| 000 | 00480nam a2200193Ia 4500 | ||
|---|---|---|---|
| 005 | 20240417022357.0 | ||
| 008 | 240331s9999 xx 000 0 und d | ||
| 020 | _a0974883948 | ||
| 082 |
_bDOM _a320 |
||
| 245 | 0 | _aDomains | |
| 250 | _a3rd. | ||
| 260 |
_aColombo : _bInternational Centre For Ethnic Studies / _c2007. |
||
| 300 | _a151 p ., | ||
| 650 | _aFeminism | ||
| 650 | _aLegal Studies | ||
| 700 |
_aMehta, Deepika _eedt |
||
| 700 |
_aChatterji, Roma _eedt |
||
| 942 | _cL | ||
| 999 |
_c4980 _d4980 |
||